Encyclopedia of environmetrics / (Record no. 20931)
[ view plain ]
| 000 -LEADER | |
|---|---|
| fixed length control field | 01277cam a22002895a 4500 |
| 001 - CONTROL NUMBER | |
| control field | 17387677 |
| 005 - DATE AND TIME OF LATEST TRANSACTION | |
| control field | 20151019121655.0 |
| 008 - FIXED-LENGTH DATA ELEMENTS--GENERAL INFORMATION | |
| fixed length control field | 120716t2012 enka frbe 001 0 eng d |
| 010 ## - LIBRARY OF CONGRESS CONTROL NUMBER | |
| LC control number | 2012025749 |
| 020 ## - INTERNATIONAL STANDARD BOOK NUMBER | |
| International Standard Book Number | 9780470973882 (hardback) |
| 040 ## - CATALOGING SOURCE | |
| Original cataloging agency | DLC |
| Language of cataloging | eng |
| Transcribing agency | DLC |
| Modifying agency | EG-ScBUE |
| 082 04 - DEWEY DECIMAL CLASSIFICATION NUMBER | |
| Classification number | 363.700727 |
| Item number | ENC |
| Edition number | 22 |
| 245 00 - TITLE STATEMENT | |
| Title | Encyclopedia of environmetrics / |
| Statement of responsibility, etc | editors-in-chief Abdel H. El-Shaarawi, Walter W. Piegorsch. |
| 250 ## - EDITION STATEMENT | |
| Edition statement | 2nd ed. |
| 260 ## - PUBLICATION, DISTRIBUTION, ETC. (IMPRINT) | |
| Place of publication, distribution, etc | Chichester : |
| Name of publisher, distributor, etc | John Wiley & Sons Ltd., |
| Date of publication, distribution, etc | 2012. |
| 300 ## - PHYSICAL DESCRIPTION | |
| Extent | 6 v. : |
| Other physical details | ill. ; |
| Dimensions | 25 cm. |
| 504 ## - BIBLIOGRAPHY, ETC. NOTE | |
| Bibliography, etc | Includes bibliographical references and index. |
| 505 ## - FORMATTED CONTENTS NOTE | |
| Formatted contents note | v. 1. Abi-Con -- v. 2. Coo-Fis -- v. 3. Flo-Mat -- v. 4. Max-Qua -- v. 5. Rad-Spl -- v. 6. Sta-Zer. |
| 520 ## - SUMMARY, ETC. | |
| Summary, etc | "An expanded and revised edition of an essential reference work for university libraries, research laboratories, government institutions and consultancies concerned with the environmental sciences". |
| 650 #0 - SUBJECT ADDED ENTRY--TOPICAL TERM | |
| Topical term or geographic name as entry element | Environmental sciences |
| General subdivision | Statistical methods |
| Form subdivision | Encyclopedias. |
| Source of heading or term | BUEsh |
| 650 #0 - SUBJECT ADDED ENTRY--TOPICAL TERM | |
| Topical term or geographic name as entry element | Environmental sciences |
| General subdivision | Methodology |
| Form subdivision | Encyclopedias. |
| Source of heading or term | BUEsh |
| 651 ## - SUBJECT ADDED ENTRY--GEOGRAPHIC NAME | |
| Source of heading or term | BUEsh |
| 653 ## - INDEX TERM--UNCONTROLLED | |
| Resource For college | Engineering, General |
| Arrived date list | October2015 |
| 700 1# - ADDED ENTRY--PERSONAL NAME | |
| Personal name | El-Shaarawi, A. H., |
| Relator term | editor. |
| 700 1# - ADDED ENTRY--PERSONAL NAME | |
| Personal name | Piegorsch, Walter W., |
| Relator term | editor. |
| 942 ## - ADDED ENTRY ELEMENTS (KOHA) | |
| Source of classification or shelving scheme | Dewey Decimal Classification |
| Call number prefix | 363.700727 ENC |
| Withdrawn status | Item status | Source of classification or shelving scheme | Damaged status | Use restrictions | Not for loan | Vendor | Home library | Current library | Shelving location | Date acquired | Source of acquisition | Cost, normal purchase price | Total Checkouts | Full call number | Barcode | Date last seen | Koha item type | Public note |
|---|---|---|---|---|---|---|---|---|---|---|---|---|---|---|---|---|---|---|
| Dewey Decimal Classification | Baccah | Central Library | Central Library | Ground Floor | 19/10/2015 | Purchase | 14950.00 | 363.700727 ENC | 000039955 | 15/07/2025 | Reference (NB) | VOL. 1 | ||||||
| Dewey Decimal Classification | Baccah | Central Library | Central Library | Ground Floor | 19/10/2015 | Purchase | 363.700727 ENC | 000039956 | 15/07/2025 | Reference (NB) | VOL. 2 | |||||||
| Dewey Decimal Classification | Baccah | Central Library | Central Library | Ground Floor | 19/10/2015 | Purchase | 363.700727 ENC | 000039957 | 15/07/2025 | Reference (NB) | VOL. 3 | |||||||
| Dewey Decimal Classification | Baccah | Central Library | Central Library | Ground Floor | 19/10/2015 | Purchase | 363.700727 ENC | 000039958 | 15/07/2025 | Reference (NB) | VOL. 4 | |||||||
| Dewey Decimal Classification | Baccah | Central Library | Central Library | Ground Floor | 19/10/2015 | Purchase | 363.700727 ENC | 000039959 | 15/07/2025 | Reference (NB) | VOL. 5 | |||||||
| Dewey Decimal Classification | Baccah | Central Library | Central Library | Ground Floor | 19/10/2015 | Purchase | 363.700727 ENC | 000039960 | 15/07/2025 | Reference (NB) | VOL. 6 |